| 000 | 00719njm a22002177a 4500 | ||
|---|---|---|---|
| 005 | 20160929153245.0 | ||
| 008 | 160406b xxu||||| |||| 00| 0 spa d | ||
| 020 | _a7713042116952 | ||
| 100 |
_aGuzmán, Carlos _97743 |
||
| 245 | _aInspiraciones Costarricenses:obra sinfónica con bellas melodías de Costa Rica | ||
| 260 |
_bCarlos Guzmán _c2011 _aCosta Rica |
||
| 300 | _a18 minutos | ||
| 505 | _a1.Inspiraciones Costarricenses 2.Soy tico 3.Preme y Alevo | ||
| 650 |
_aMÚSICA COSTARRICENSE _97555 |
||
| 650 |
_aMÚSICA SINFÓNICA _97744 |
||
| 650 |
_aMÚSICA AMBIENTAL _93625 |
||
| 650 |
_aMÚSICA FOLCLÓRICA _97705 |
||
| 650 |
_aMÚSICA FOLKLÓRICA _97745 |
||
| 650 |
_aMÚSICA TRADICIONAL _97746 |
||
| 942 | _cMU | ||
| 999 |
_c7914 _d7914 |
||